Kuala Lumpur LRT Sri Petaling Line Stations - Statistics

General Stats
  • This quiz has been taken 10 times
  • The average score is 18 of 31
Answer Stats
Station Code Station Name % Correct
SP6 Bandaraya
83%
SP11 Chan Sow Lin
83%
SP7 Masjid Jamek
83%
SP8 Plaza Rakyat
83%
SP4 PWTC
83%
SP18 Sri Petaling
83%
SP15 Bandar Tasik Selatan
67%
SP10 Pudu
67%
SP31 Putra Heights
67%
SP2 Sentul
67%
SP1 Sentul Timur
67%
SP3 Titiwangsa
67%
SP21 Alam Sutera
50%
SP19 Awan Besar
50%
SP27 Bandar Puteri
50%
SP14 Bandar Tun Razak
50%
SP17 Bukit Jalil
50%
SP12 Cheras
50%
SP24 IOI Puchong Jaya
50%
SP22 Kinrara BK 5
50%
SP20 Muhibbah
50%
SP28 Puchong Perdana
50%
SP29 Puchong Prima
50%
SP25 Pusat Bandar Puchong
50%
SP13 Salak Selatan
50%
SP5 Sultan Ismail
50%
SP16 Sungai Besi
50%
SP26 Taman Perindustrian Puchong
50%
SP9 BBCC - Hang Tuah
17%
SP30 Kampung Sri Aman
17%
SP23 Kinrara BK 3
17%
No matching quizzes found
Score Distribution
Percent of People with Each Score
Percentile by Number Answered
Your Score History
You have not taken this quiz